[Event "Forli op"]
[Site "Forli"]
[Date "1989.??.??"]
[Round "9"]
[White "Pavlovic, Dragan"]
[Black "Tatai, Stefano"]
[Result "1/2-1/2"]
[WhiteElo "2250"]
[BlackElo "2395"]

1.Nf3 c5 2.g3 b6 3.Bg2 Bb7 4.O-O Nf6 5.c4 g6 6.b3 Bg7 7.Bb2 O-O 8.Nc3 Na6
9.Rc1 d5 10.Nxd5 Nxd5 11.Bxg7 Kxg7 12.cxd5 Qxd5 13.d4  1/2-1/2

[Event "FRA-ch"]
[Site "?"]
[Date "1989.??.??"]
[Round "?"]
[White "Giffard, Nicolas"]
[Black "Miralles, Gilles"]
[Result "0-1"]
[WhiteElo "2335"]
[BlackElo "2445"]

1.c4 c5 2.Nf3 Nf6 3.g3 b6 4.Bg2 Bb7 5.O-O g6 6.Nc3 Bg7 7.d4 cxd4 8.Nxd4 Bxg2
9.Kxg2 Qc7 10.b3 Qb7+ 11.f3 O-O 12.e4 a6 13.a4 d6 14.Be3 Nbd7 15.Ra2 e6 16.Nde2 Rfd8
17.Rd2 Ne8 18.Qb1 Ne5 19.h3 Nc7 20.Rfd1 Bf8 21.f4 Nc6 22.Kh2 b5 23.cxb5 axb5
24.Nd4 Nxd4 25.Bxd4 Be7 26.Ra2 b4 27.Ne2 Na6 28.Rad2 d5 29.exd5 Rxd5 30.Qe4 Rad8
31.Rd3 Qd7 32.R3d2 f6 33.Be3 Bc5 34.Rxd5 exd5 35.Qf3 Qe6 36.Bxc5 Nxc5 37.Nd4 Qe4
38.Kg2 Rd6 39.Rd2 Kf7 40.Rd1 f5 41.Rd2 h6 42.Qxe4 dxe4 43.Kf2 Kf6 44.Ke3 g5
45.fxg5+ hxg5 46.Rc2 Nxb3 47.Rc6 Ke5 48.Rxd6 f4+ 49.gxf4+ gxf4+ 50.Kf2 e3+
51.Kf1 Nxd4 52.Rb6 b3 53.a5 f3 54.Rb8 Nc2 55.Re8+ Kd4 56.Rd8+ Kc3  0-1

[Event "FRA-chB"]
[Site "?"]
[Date "1989.??.??"]
[Round "?"]
[White "Corgeron, JL."]
[Black "Daillet, Emmanuel"]
[Result "0-1"]
[WhiteElo "2225"]
[BlackElo "2300"]

1.Nf3 c5 2.c4 Nf6 3.g3 b6 4.Bg2 Bb7 5.O-O g6 6.Nc3 Bg7 7.d4 cxd4 8.Qxd4 Nc6
9.Qd2 Rc8 10.Rb1 Na5 11.b3 O-O 12.Bb2 d5 13.cxd5 Nxd5 14.Ne4 Nc3 15.Nxc3 Qxd2
16.Nxd2 Bxg2 17.Kxg2 Bxc3 18.Bxc3 Rxc3 19.Rfc1 Rfc8 20.Rxc3 Rxc3 21.Rb2 Kf8
22.Ne4 Rc1 23.Rd2 Ke8 24.e3 Nc6 25.h4 Nb4 26.Kf3 h6 27.Rb2 f5 28.Nd2 Nd3
29.Rb1 Rc2  0-1

[Event "Dreszer op"]
[Site "Gdynia"]
[Date "1989.??.??"]
[Round "9"]
[White "Przewoznik, Jan"]
[Black "Solozhenkin, Evgeniy"]
[Result "1-0"]
[WhiteElo "2380"]
[BlackElo "2405"]

1.Nf3 Nf6 2.c4 b6 3.g3 c5 4.Bg2 Bb7 5.O-O g6 6.Nc3 Bg7 7.d4 cxd4 8.Qxd4 d6
9.Rd1 Nbd7 10.b3 Rc8 11.Bb2 Rc5 12.h3 O-O 13.Qe3 Re8 14.Ne1 Qa8 15.Bxb7 Qxb7
16.Nd3 Rcc8 17.Rab1 a6 18.Nb4 b5 19.cxb5 axb5 20.Ncd5 Nxd5 21.Nxd5 Bxb2 22.Rxb2 e6
23.Nb4 d5 24.Rc1 d4 25.Qd2 Rxc1+ 26.Qxc1 Nf8 27.Qc6 Rb8 28.Rc2 Qe7 29.Qc7 Qxc7
30.Rxc7 Rb6 31.Rc6 Rb7 32.Rd6 e5 33.Nc6 Nd7 34.a4 bxa4 35.bxa4 Kg7 36.a5 Nb8
37.Nxe5 Rb5 38.f4 f6 39.Nc4 Rc5 40.Rxd4 Nc6 41.Rd7+ Kh6 42.Ne3 g5  1-0

[Event "Geneve YM"]
[Site "Geneve"]
[Date "1989.??.??"]
[Round "?"]
[White "Maric, Alisa"]
[Black "Bex, Pierre Alain"]
[Result "1-0"]
[WhiteElo "2355"]
[BlackElo "2245"]

1.Nf3 Nf6 2.c4 c5 3.g3 b6 4.Bg2 Bb7 5.O-O g6 6.Nc3 Bg7 7.d4 cxd4 8.Qxd4 O-O
9.Qh4 d6 10.Bh6 Nbd7 11.Rad1 Re8 12.Bxg7 Kxg7 13.Qd4 Qc8 14.e4 Qc5 15.Rfe1 Rac8
16.b3 Kg8 17.Nd5 Nxd5 18.exd5 Qxd4 19.Nxd4 a6 20.Re3 Kf8 21.h4 Nf6 22.Bh3 Rc5
23.g4 h5 24.g5 Ng4 25.Bxg4 hxg4 26.a4 Rc7 27.Kh2 Bc8 28.Kg3 Bd7 29.Ra1 Rc5
30.Ree1 e6 31.dxe6 fxe6 32.Rad1 d5 33.cxd5 exd5 34.Rxe8+ Kxe8 35.Kf4 Kf7
36.Ke5 Rc3 37.Kxd5 Rh3 38.Kd6 Be8 39.Re1 b5 40.Re7+  1-0

[Event "Geneve YM"]
[Site "Geneve"]
[Date "1989.??.??"]
[Round "?"]
[White "Batchinsky, Stephane"]
[Black "Skembris, Spyridon"]
[Result "1/2-1/2"]
[WhiteElo "2200"]
[BlackElo "2420"]

1.Nf3 Nf6 2.g3 b6 3.Bg2 Bb7 4.O-O c5 5.c4 g6 6.Nc3 Bg7 7.d4 cxd4 8.Nxd4 Bxg2
9.Kxg2 Qc7 10.Qd3 O-O 11.f3 Nc6 12.Nxc6 dxc6 13.Bf4 e5 14.Bg5 Rad8 15.Qc2 Rd4
16.b3 Ne8 17.Be3 Rd7 18.Rad1 Nd6 19.Bf2 Rfd8 20.c5 Nf5 21.Rxd7 Rxd7 22.cxb6 axb6
23.Rd1 Nd4 24.Qd2 Rd8 25.e3 Ne6 26.Qc2 Ra8 27.Rd2 h5 28.h4 Kh7 29.Ne4 c5
30.Qc4 Rd8 31.Rxd8 Qxd8 32.a4 Qd7 33.Be1 Qd1 34.Bf2 Qd7 35.Be1 Qd1 36.Bf2  1/2-1/2

[Event "Geneve YM"]
[Site "Geneve"]
[Date "1989.??.??"]
[Round "?"]
[White "Leuba, Didier"]
[Black "Bex, Pierre Alain"]
[Result "1/2-1/2"]
[WhiteElo "2285"]
[BlackElo "2245"]

1.Nf3 Nf6 2.g3 b6 3.Bg2 Bb7 4.c4 c5 5.O-O g6 6.Nc3 Bg7 7.a3 O-O 8.b4 cxb4
9.axb4 Ne4 10.Bb2 Nxc3 11.Bxc3 Bxc3 12.dxc3 Qc7 13.Qb3  1/2-1/2

[Event "Bundesliga 8889"]
[Site "Germany"]
[Date "1989.??.??"]
[Round "?"]
[White "Keitlinghaus, Ludger"]
[Black "Chandler, Murray G"]
[Result "1-0"]
[WhiteElo "2410"]
[BlackElo "2600"]

1.Nf3 Nf6 2.c4 b6 3.g3 c5 4.Bg2 Bb7 5.O-O g6 6.Nc3 Bg7 7.d4 cxd4 8.Qxd4 d6
9.b3 Nbd7 10.Bb2 O-O 11.Rfd1 Rc8 12.Rac1 a6 13.Ba1 Rc5 14.Na4 Rc8 15.Nc3 Re8
16.Bh3 Ne4 17.Qe3 Nxc3 18.Bxc3 Bxc3 19.Rxc3 Rc5 20.b4 Rh5 21.Bg4 Bxf3 22.exf3 Re5
23.Qd4 Re2 24.a3 Ne5 25.Bh3 a5 26.bxa5 bxa5 27.c5 Qa8 28.c6 Rc2 29.Qxe5 dxe5
30.Rxc2 e6 31.Bf1 Rc8 32.c7 Kg7 33.Rc3 Qb7 34.Rdc1 g5 35.a4 h5 36.Bb5 Qd5
37.Bc6 Qd2 38.Bb7 Rxc7 39.Rxc7 h4 40.Ba6 Kg6 41.Bb5 f5 42.Bf1 Kf6 43.R7c6 e4
44.R1c3 Qd7 45.R6c4 Qd5 46.Re3  1-0

[Event "FRG-CupT"]
[Site "Germany"]
[Date "1989.??.??"]
[Round "3"]
[White "Lobron, Eric"]
[Black "Appel, Ralf"]
[Result "0-1"]
[WhiteElo "2555"]
[BlackElo "2320"]

1.Nf3 Nf6 2.c4 c5 3.g3 b6 4.Bg2 Bb7 5.O-O g6 6.Nc3 Bg7 7.Re1 d6 8.e4 Nbd7
9.d4 cxd4 10.Nxd4 Rb8 11.b3 O-O 12.Bb2 a6 13.Qd2 Re8 14.Rac1 Ba8 15.Nd5 e6
16.Nc3 Qc7 17.Rc2 Nc5 18.f3 Rbd8 19.b4 Ncd7 20.f4 Qa7 21.Kh1 e5 22.fxe5 dxe5
23.Nb3 Nc5 24.Nd5 Ncxe4 25.Rxe4 Nxe4 26.Bxe4 f5 27.Bg2 e4 28.Bf1 b5 29.Qe3 Qxe3
30.Nxe3 Rd3 31.Bxg7 Kxg7 32.Re2 bxc4 33.Nxc4 e3+ 34.Kg1 Bf3 35.Nc5 Bxe2 36.Bxe2 Rc3
37.a4 g5 38.Kf1  0-1

[Event "Gleisdorf"]
[Site "Gleisdorf"]
[Date "1989.??.??"]
[Round "1"]
[White "Karsa, Laszlo"]
[Black "Horvath, Sandor"]
[Result "1/2-1/2"]
[WhiteElo "2395"]
[BlackElo "2295"]

1.Nf3 Nf6 2.g3 b6 3.Bg2 Bb7 4.O-O c5 5.c4 g6 6.Nc3 Bg7 7.b3 O-O 8.Bb2 Nc6
9.d4 Nxd4 10.Nxd4 Bxg2 11.Kxg2 cxd4 12.Qxd4 d6 13.Rad1 Qd7 14.Qd2 Qc6+ 15.f3 a6  1/2-1/2

[Event "Illinois"]
[Site "Illinois"]
[Date "1989.??.??"]
[Round "?"]
[White "Chachere, Lawrence"]
[Black "Pelts, Peter"]
[Result "0-1"]
[WhiteElo "2310"]
[BlackElo "2295"]

1.Nf3 Nf6 2.c4 c5 3.g3 b6 4.Bg2 Bb7 5.O-O g6 6.b3 Bg7 7.Bb2 O-O 8.d4 cxd4
9.Qxd4 Nc6 10.Qd2 d5 11.cxd5 Qxd5 12.Nd4 Ne4 13.Nxc6 Bxc6 14.Bxg7 Kxg7 15.Qc2 Qe6
16.Nd2 Nxd2 17.Qxd2 Bxg2 18.Kxg2 Rfd8 19.Qb2+ Qf6 20.Qxf6+ Kxf6 21.Rfd1 Rac8
22.Rxd8 Rxd8 23.Rc1 Rd2 24.a3 Rxe2 25.Rc7 a5 26.Rb7 Re6 27.Kf3 Kf5 28.h4 h5
29.Rd7 Re5 30.a4 Re4 31.Rd5+ e5 32.Rd7 f6 33.Rc7 Rd4 34.Ke3 Rb4 35.Rc3 g5
36.hxg5 fxg5 37.Kf3 h4 38.gxh4 gxh4 39.Kg2 Ke4 40.Re3+ Kd5 41.Rc3 Rd4 42.Kh3 e4
43.Re3 Rd3 44.Kxh4 Kd4 45.Rg3 Rxg3 46.Kxg3 e3 47.f4 Kd3  0-1

[Event "Kiev"]
[Site "Kiev"]
[Date "1989.??.??"]
[Round "?"]
[White "Zhidkov, Valery S"]
[Black "Gofshtein, Leonid D"]
[Result "1/2-1/2"]
[WhiteElo "2460"]
[BlackElo "2415"]

1.Nf3 Nf6 2.c4 c5 3.g3 b6 4.Bg2 Bb7 5.O-O g6 6.Nc3 Bg7 7.d4 cxd4 8.Qxd4 d6
9.Rd1 Nbd7 10.b3 O-O 11.Bb2 Ne4 12.Qe3 Bxc3 13.Bxc3 Nxc3 14.Qxc3 Nf6 15.Nd4 Bxg2
16.Kxg2 Qd7 17.Rac1 Rac8 18.Qf3 Rfd8 19.Rc2 Rc5  1/2-1/2

[Event "London WFW"]
[Site "London"]
[Date "1989.??.??"]
[Round "?"]
[White "Larsen, Bent"]
[Black "Adams, Michael"]
[Result "1-0"]
[WhiteElo "2580"]
[BlackElo "2495"]

1.Nf3 Nf6 2.c4 b6 3.g3 Bb7 4.Bg2 c5 5.O-O g6 6.d3 Bg7 7.e4 d6 8.Nc3 Nbd7
9.h3 O-O 10.Bg5 Rc8 11.Qd2 a6 12.Rfe1 e6 13.a4 Qc7 14.a5 bxa5 15.Nd1 Nb8
16.Rxa5 h6 17.Bf4 Qb6 18.Ra3 Kh7 19.Nc3 Rfd8 20.Na4 Qa7 21.b4 Bc6 22.Rb1 cxb4
23.Qxb4 Nbd7 24.Qa5 Ne8 25.Be3 Qc7 26.Nb6 Rb8 27.Nd2 Nef6 28.Kh2 Nc5 29.e5 Nb7
30.Qxa6 dxe5 31.Bxc6 Qxc6 32.Nd5  1-0

[Event "Haringey"]
[Site "London"]
[Date "1989.??.??"]
[Round "?"]
[White "Kool, GJ."]
[Black "Polaczek, Richard"]
[Result "0-1"]
[WhiteElo "2260"]
[BlackElo "2400"]

1.Nf3 c5 2.c4 b6 3.g3 Bb7 4.Bg2 Nf6 5.O-O g6 6.d4 cxd4 7.Qxd4 Bg7 8.Nc3 O-O
9.Qh4 d6 10.Bh6 Nbd7 11.e4 Rc8 12.b3 Bxh6 13.Qxh6 Bxe4 14.Ng5 Bxg2 15.Kxg2 Re8
16.Rad1 Nf8 17.Rd4 Nh5 18.Rfd1 Ng7 19.Rf4 f6 20.Nxh7 Nxh7 21.Qxg6 Nf8 22.Qh6 f5
23.Nd5 Kf7 24.Ne3 e6 25.Ng4 Ng6 26.Rfd4 fxg4 27.Rxd6 Qf6 28.Rd7+ Re7 29.R7d3 Ne5
30.Rd4 Qxh6  0-1

[Event "Lloyds Bank op"]
[Site "London"]
[Date "1989.??.??"]
[Round "?"]
[White "Murugan, Krishnamoorthy"]
[Black "Chandler, Murray G"]
[Result "0-1"]
[WhiteElo "2320"]
[BlackElo "2585"]

1.Nf3 Nf6 2.c4 b6 3.g3 c5 4.Bg2 Bb7 5.O-O g6 6.b3 Bg7 7.Bb2 O-O 8.Nc3 d6
9.d4 cxd4 10.Nxd4 Bxg2 11.Kxg2 Qc8 12.Rc1 Qb7+ 13.Kg1 Nbd7 14.Qd3 a6 15.Rfd1 Ne5
16.Qb1 Bh6 17.e3 Rac8 18.Ba1 b5 19.cxb5 axb5 20.Ncxb5 Ne4 21.Rxc8 Rxc8 22.f4 Ng4
23.Rc1 Rc5 24.Rxc5 dxc5 25.Nf3 Qxb5 26.Qxe4 Qe2  0-1

[Event "Lugano op"]
[Site "Lugano"]
[Date "1989.??.??"]
[Round "4"]
[White "Bouton, Christophe"]
[Black "Paust, Wolf Dieter"]
[Result "0-1"]
[WhiteElo "2335"]
[BlackElo "2220"]

1.Nf3 Nf6 2.c4 c5 3.g3 b6 4.Bg2 Bb7 5.O-O g6 6.b3 Bg7 7.Bb2 O-O 8.Nc3 d6
9.e3 e6 10.d4 Ne4 11.Nxe4 Bxe4 12.Qe2 Nc6 13.Rfd1 Qe7 14.h4 Rad8 15.Rac1 Qb7
16.Ne1 Bxg2 17.Nxg2 cxd4 18.exd4 d5 19.Qf3 Rd7 20.Ne3 dxc4 21.d5 Ne5 22.Bxe5 Bxe5
23.bxc4 f5 24.Qe2 Re8 25.dxe6 Rxe6 26.Rxd7 Qxd7 27.Rd1 Qe8 28.Qf3 Kg7 29.Kg2 Kh6
30.g4 fxg4 31.Nxg4+ Kg7 32.Re1 Bd4 33.Rxe6 Qxe6 34.Qb7+ Qf7 35.Qc8 h5 36.Ne3 a5
37.Qc6 Qf4 38.Qd7+ Kh6 39.Qe6 Bxe3 40.Qxe3 Qxe3 41.fxe3 g5  0-1

[Event "New York op"]
[Site "New York"]
[Date "1989.??.??"]
[Round "9"]
[White "Lobron, Eric"]
[Black "Olafsson, Helgi"]
[Result "1/2-1/2"]
[WhiteElo "2555"]
[BlackElo "2520"]

1.Nf3 Nf6 2.c4 b6 3.g3 c5 4.Bg2 Bb7 5.O-O g6 6.Nc3 Bg7 7.Re1 O-O 8.e4 Nc6
9.e5 Ne8 10.d4 Nxd4 11.Nxd4 Bxg2 12.Kxg2 cxd4 13.Qxd4 d6 14.Bf4 dxe5 15.Qxd8 Rxd8
16.Bxe5 f6 17.Bf4 e5 18.Be3 Nd6 19.b3 Rf7 20.Rad1 Rfd7 21.Rd5 Kf7 22.Red1 Ke6
23.a4 Nf5 24.Nb5 Nxe3+ 25.fxe3 a5 26.e4 Bf8 27.Nc7+ Ke7 28.g4 Rxd5 29.Nxd5+ Kf7
30.Rf1 Kg7 31.Rf3 Bc5 32.Kf1 Rd6 33.Ke2 Rc6 34.Rf1 Re6 35.Nc7 Re7 36.Nd5 Re6
37.Rf3 Rc6 38.h3 Re6 39.Rf1 Rc6 40.Rf3 Re6 41.Kd3 Rc6 42.Kc3 Bd4+ 43.Kc2 Bc5
44.Kb2 Rd6 45.Ka2 Rc6 46.Rf1 Rd6 47.Kb1 Rc6 48.Kc2 Rd6 49.Rf3 Rc6 50.Kd3 Rd6
51.Ke2  1/2-1/2

[Event "GMA Baleares Open"]
[Site "Palma de Mallorca"]
[Date "1989.??.??"]
[Round "3"]
[White "Cebalo, Miso"]
[Black "Kudrin, Sergey"]
[Result "1/2-1/2"]
[WhiteElo "2485"]
[BlackElo "2570"]

1.Nf3 Nf6 2.c4 c5 3.g3 b6 4.Bg2 Bb7 5.O-O g6 6.b3 Bg7 7.Bb2 O-O 8.Nc3 Na6
9.Rc1 e6 10.d4 d5 11.cxd5 exd5 12.Ne5 Qe7 13.e3 Rfd8 14.Qe2 Nc7 15.Rfd1 h5
16.Ba3 Ne4 17.Nxe4 dxe4 18.Nc4 Nb5 19.dxc5 Rxd1+ 20.Rxd1 Nxa3 21.Nxa3 Qxc5
22.Nc4 Bd5 23.Nd6 f5 24.Qb5 Qxb5 25.Nxb5 Bc6 26.Bf1 Be5 27.a4 Kf8 28.Bc4 Ke7
29.Kf1 a6 30.Nd4 Bb7 31.h4 Rc8 32.Ke1 Rc5 33.Ke2 Bc8 34.Rd2 Bf6 35.Kd1 Bb7
36.Rc2 Rc8 37.Ne2 Rd8+ 38.Kc1 Be5 39.Nf4 Kf6 40.Rd2 Rxd2 41.Kxd2 a5 42.Bb5 Kf7
43.Kc2 Ba8 44.Ne2 Bd6 45.Bc4+ Kg7 46.Nf4 Bb7 47.Bb5  1/2-1/2

[Event "JUG-Cup (Women)"]
[Site "Pula"]
[Date "1989.??.??"]
[Round "?"]
[White "Maric, Alisa"]
[Black "Macek, Vlasta"]
[Result "1/2-1/2"]
[WhiteElo "2365"]
[BlackElo "2220"]

1.Nf3 c5 2.c4 Nf6 3.g3 b6 4.Bg2 Bb7 5.O-O g6 6.Nc3 Bg7 7.d4 cxd4 8.Qxd4 d6
9.Be3 Nbd7 10.Rac1 O-O 11.Qd2 Rc8 12.b3 Nc5 13.Bh3 Nfe4 14.Nxe4 Nxe4 15.Qb4 f5
16.Ng5 Nxg5 17.Bxg5 Qd7 18.Qd2 Bf6 19.Bh6 Rfd8 20.Bg2 Bxg2 21.Kxg2 Qb7+ 22.f3 d5
23.cxd5 Rxc1 24.Rxc1 Qxd5 25.Qxd5+ Rxd5 26.h4 Kf7 27.Rc7 a6 28.Be3 b5 29.Rc6 Rd6  1/2-1/2

[Event "Vrnjacka Banja"]
[Site "Vrnjacka Banja"]
[Date "1989.??.??"]
[Round "?"]
[White "Nikolic, Zivoslav"]
[Black "Skembris, Spyridon"]
[Result "1-0"]
[WhiteElo "2450"]
[BlackElo "2455"]

1.Nf3 Nf6 2.g3 b6 3.Bg2 Bb7 4.O-O c5 5.c4 g6 6.Nc3 Bg7 7.a3 O-O 8.d3 d6 9.Bd2 Nc6
10.Rb1 Qc8 11.b4 Nd4 12.Ne1 Bxg2 13.Nxg2 Qb7 14.a4 Rac8 15.bxc5 Rxc5 16.a5 Rxa5
17.Nb5 Rxb5 18.cxb5 Qd7 19.e3 Nxb5 20.Qa4 Nc3 21.Qxd7 Nxd7 22.Bxc3 Bxc3 23.Rfc1 Bf6
24.Rc7 Ne5 25.Nf4 Ra8 26.d4 Nf3+ 27.Kg2 Nd2 28.Rb2 Ne4 29.f3 Ng5 30.Ra2 a5
31.Nd5 Rb8 32.Rc6 Kg7 33.Rxb6 Rc8 34.Rb7 e5 35.Rd7 Bd8 36.Rxd6 exd4 37.exd4 Ne6
38.Ne3 Rc3 39.d5 Rxe3 40.dxe6 Be7 41.Rd7 Rxe6 42.Rxa5 h5 43.Raa7 Kf8 44.f4 f5
45.Kf3 Ke8 46.Rdb7 Kf7 47.Ra2 Kf8 48.Re2 Rxe2 49.Kxe2 h4 50.gxh4 Bxh4 51.Kd3 Bf2
52.Rc7 Kg8 53.Rc2 Bh4 54.Kd4 Kg7 55.Ke5 Bf6+ 56.Ke6 Bd4 57.Rg2 Be3 58.Ke5 Bb6
59.Rc2 Be3 60.Rc7+ Kh6 61.Rc3 Bb6 62.Ke6 Kh5 63.Kf7 Ba5 64.Rg3  1-0

[Event "Warsaw op"]
[Site "Warsaw"]
[Date "1989.??.??"]
[Round "?"]
[White "Schmidt, Wlodzimierz"]
[Black "Komarov, Dimitri"]
[Result "0-1"]
[WhiteElo "2460"]
[BlackElo "2350"]

1.Nf3 Nf6 2.c4 b6 3.g3 Bb7 4.Bg2 c5 5.O-O g6 6.b3 Bg7 7.Bb2 O-O 8.Nc3 Na6
9.d4 cxd4 10.Nxd4 Bxg2 11.Kxg2 Qc7 12.e4 Qb7 13.f3 d6 14.Qd2 Rfd8 15.Nd5 Ne8
16.Nc6 Rd7 17.Bxg7 Kxg7 18.Nd4 e6 19.Ne3 Nac7 20.b4 Kg8 21.b5 h5 22.a4 a5
23.Rad1 Nf6 24.Qb2 Nce8 25.Nc6 Rc7 26.e5 dxe5 27.Qxe5 Nd7 28.Qg5 Nc5 29.g4 Ng7
30.Rd4 Rd7 31.Rfd1 Rxd4 32.Rxd4 Qc7 33.gxh5 Nxh5 34.Ng4 Nb3 35.Rd1 Qf4 36.Ne7+ Kf8
37.Nxg6+ fxg6 38.Qxg6 Qd2+ 39.Rxd2 Nf4+ 40.Kg3 Nxg6 41.Rd6 Rb8 42.Rxe6 Kg7
43.Rd6 Nc5 44.h4 Ne7 45.Rf6 Nd7 46.Re6 Kf7 47.Re4 Nf5+ 48.Kf2 Nc5 49.Re2 Nd3+
50.Kg1 Nxh4 51.Re3 Nc5 52.Ne5+ Kf6 53.Kf2 Rd8 54.Ng4+ Kf5 55.Re7 Ng6 56.Rf7+ Kg5
57.Rg7 Ne6 58.Rb7 Rd6 59.Kg3 Ngf4 60.Nf2 Nh5+ 61.Kh2 Nc5  0-1

[Event "Warsaw op"]
[Site "Warsaw"]
[Date "1989.??.??"]
[Round "?"]
[White "Wojtkiewicz, Aleksander"]
[Black "Vasovski, Nikola"]
[Result "1-0"]
[WhiteElo "2460"]
[BlackElo "2320"]

1.Nf3 c5 2.g3 b6 3.Bg2 Bb7 4.O-O Nf6 5.c4 g6 6.Nc3 Bg7 7.d4 cxd4 8.Qxd4 O-O
9.Qh4 d6 10.Bh6 Nbd7 11.Rfd1 Rc8 12.b3 Qc7 13.Rac1 Qb8 14.Bh3 Rfd8 15.Ng5 Rc5
16.e4 Nf8 17.Nd5 Nxd5 18.exd5 Rc7 19.Bxg7 Kxg7 20.Qd4+ f6 21.Re1 Bc8 22.Bxc8 Rdxc8
23.b4 Qb7 24.Ne6+ Nxe6 25.Rxe6 Qa6 26.Rce1 Kf7 27.c5 bxc5 28.bxc5  1-0

[Event "Legion op"]
[Site "Warsaw"]
[Date "1989.??.??"]
[Round "4"]
[White "Gross, Stefan"]
[Black "Hass, Roman"]
[Result "0-1"]
[WhiteElo "2425"]
[BlackElo "2355"]

1.Nf3 c5 2.c4 Nf6 3.g3 b6 4.Bg2 Bb7 5.O-O g6 6.b3 Bg7 7.Bb2 O-O 8.Nc3 Na6
9.d4 e6 10.Qd2 d5 11.cxd5 exd5 12.Rfd1 Qe7 13.dxc5 bxc5 14.e3 Rfe8 15.Rac1 Bh6
16.Re1 d4 17.Nd1 Nb4 18.Rxc5 Qxc5 19.Bxd4  0-1

[Event "JUG-chT"]
[Site "Zlatibor"]
[Date "1989.??.??"]
[Round "?"]
[White "Panzalovic, Srdjan"]
[Black "Markovic, Ivan"]
[Result "1/2-1/2"]
[WhiteElo "2325"]
[BlackElo "2370"]

1.Nf3 c5 2.c4 Nf6 3.g3 b6 4.Bg2 Bb7 5.O-O g6 6.Nc3 Bg7 7.d4 cxd4 8.Qxd4 d6
9.b3 Nbd7 10.Bb2 Rc8 11.Rfd1 a6 12.Rac1 O-O 13.Qe3 Rc5 14.h3 Re8 15.Na4 Rh5
16.Qd4 Nc5 17.Nxc5 Rxc5 18.b4 Rc8 19.a3 Bh6 20.e3 Qc7 21.Nd2 Bxg2 22.Kxg2 Qc6+
23.Kg1 Bg7 24.Qd3 Nd7 25.Bxg7 Kxg7 26.f4 Rc7 27.Rc2 Rec8 28.Rdc1 Kg8 29.Qe4 Qa4
30.Rc3 Nf6 31.Qd4 b5 32.c5 dxc5  1/2-1/2

[Event "Adelaide op"]
[Site "Adelaide"]
[Date "1990.??.??"]
[Round "10"]
[White "Djuric, Stefan"]
[Black "Kengis, Edvins"]
[Result "1/2-1/2"]
[WhiteElo "2515"]
[BlackElo "2545"]

1.Nf3 Nf6 2.c4 b6 3.g3 c5 4.Bg2 Bb7 5.O-O g6 6.d4 cxd4 7.b3 Bg7 8.Bb2 Bxf3
9.exf3 Nc6 10.f4 O-O 11.Na3 d5 12.Qf3 e6 13.Nb5 Rc8 14.cxd5 Qxd5 15.Qxd5 Nxd5
16.Bxd5 exd5 17.Rfd1 a6 18.Nxd4 Rfe8 19.a3 Nxd4 20.Bxd4  1/2-1/2

[Event "Bad Ragaz op"]
[Site "Bad Ragaz"]
[Date "1990.??.??"]
[Round "5"]
[White "Habibi, Ali"]
[Black "Bex, Pierre Alain"]
[Result "1/2-1/2"]
[WhiteElo "2255"]
[BlackElo "2235"]

1.Nf3 Nf6 2.g3 b6 3.Bg2 Bb7 4.O-O c5 5.c4 g6 6.Nc3 Bg7 7.d3 O-O 8.Bd2 Nc6
9.Rb1 d5 10.cxd5 Nxd5 11.Qa4 Qd7 12.Rfe1 Rfd8 13.Qh4 Nd4 14.Nxd4 cxd4 15.Nxd5 Bxd5
16.Bxd5 Qxd5 17.b3 Bf6 18.Qe4 Qxe4 19.dxe4 d3 20.Rbc1 dxe2 21.Rxe2 Rac8 22.Rxc8 Rxc8
23.e5 Bg7 24.Bb4 e6 25.Kg2 Bf8 26.Bxf8 Kxf8 27.Kf3 Ke7 28.Ke4 h5 29.Kf4 f6
30.exf6+ Kxf6 31.h4 Rc5 32.Rd2 Rf5+ 33.Ke3 Ke7 34.Ke4 Rc5 35.f3 Rc1 36.Ke3 Re1+
37.Kf2 Rh1 38.Kg2 Rc1 39.Kf2 Rh1 40.Re2 Rc1 41.Ke3 Kf6 42.Kf4 Rc5 43.Rd2 Rf5+
44.Ke3 Re5+ 45.Kf2 Ke7 46.Rd4 Ra5 47.Ra4 Rxa4 48.bxa4 Kf6 49.Ke3 Ke5 50.Kd3 Kd5
51.Ke3 Ke5 52.Kd3 Kd5 53.Ke3  1/2-1/2

[Event "Barcelona Vulca"]
[Site "Barcelona"]
[Date "1990.??.??"]
[Round "2"]
[White "Pomes Marcet, Juan"]
[Black "Vehi Bach, Victor Manuel"]
[Result "1/2-1/2"]
[WhiteElo "2420"]
[BlackElo "2415"]

1.Nf3 c5 2.c4 Nf6 3.g3 b6 4.Bg2 Bb7 5.O-O g6 6.Nc3 Bg7 7.d4 cxd4 8.Nxd4 Bxg2
9.Kxg2 Qc7 10.b3 O-O 11.e4 Qb7 12.f3 d6 13.Be3 Nbd7 14.Rc1 Rfe8 15.Nd5 a6
16.Qd2 e6 17.Nxf6+ Nxf6 18.Kg1 d5 19.exd5 exd5 20.c5 bxc5 21.Rxc5 h5 22.Rfc1 Rac8
23.Rxc8 Rxc8 24.Rxc8+ Qxc8 25.Qc2 Qh3 26.Bf2 Kh7 27.Qc7 Nd7 28.Qc6 Bxd4 29.Bxd4 Qe6
30.Qc3 f6 31.Qe3 Qxe3+ 32.Bxe3 Kg7 33.Kf2 Kf7 34.Bd4 Ke6 35.Ke3 f5 36.h4 Nb8
37.b4 Nc6 38.a3 Nd8 39.a4 Nc6 40.b5 axb5 41.axb5 Na5 42.Bc3 Nb3 43.Kd3 Nc5+
44.Kc2 Kd7 45.Be5 Ke6  1/2-1/2

[Event "Belgrade-A"]
[Site "Belgrade"]
[Date "1990.??.??"]
[Round "4"]
[White "Kirov, Nino"]
[Black "Todorovic, Goran N"]
[Result "1/2-1/2"]
[WhiteElo "2445"]
[BlackElo "2415"]

1.Nf3 c5 2.g3 b6 3.Bg2 Bb7 4.O-O Nf6 5.c4 g6 6.Nc3 Bg7 7.d4 cxd4 8.Qxd4 Nc6
9.Qh4 h6 10.Nd4 g5 11.Nxc6 gxh4 12.Nxd8 Bxg2 13.Kxg2 Rxd8 14.Bf4 Rc8 15.Rac1 hxg3
16.hxg3 Rxc4 17.Nb5 Rxc1 18.Rxc1 O-O 19.Nxa7 Nd5 20.e4 Nxf4+ 21.gxf4 Bxb2
22.Rc7 Ba3 23.Rxd7 f5 24.e5 Kf7 25.Nc6 Rg8+ 26.Kf3 Bc5 27.Nd8+ Ke8 28.Rd5 Rg6
29.Nb7 Rc6 30.Rd8+ Kf7 31.Rh8 Kg7 32.Ra8 h5 33.Ra6 Rh6 34.Nxc5 bxc5 35.Ra7 Kf7
36.Rc7 Ra6 37.Rxc5 Rxa2 38.Kg3 Ra4 39.Rc6 h4+ 40.Kxh4 Rxf4+ 41.Kg5 Rxf2 42.e6+ Kg7
43.Rc7 Rg2+  1/2-1/2

[Event "Blackpool zt"]
[Site "Blackpool"]
[Date "1990.??.??"]
[Round "?"]
[White "McNab, Colin Anderson"]
[Black "Carton, Patrick"]
[Result "1/2-1/2"]
[WhiteElo "2390"]
[BlackElo "2240"]

1.Nf3 Nf6 2.g3 g6 3.c4 b6 4.Bg2 Bb7 5.O-O c5 6.d3 Bg7 7.e4 O-O 8.Nc3 Nc6
9.h3 Ne8 10.Bg5 Nc7 11.Qd2 Ne6 12.Bh6 Ned4 13.Nxd4 Nxd4 14.Bxg7 Kxg7 15.f4 f6
16.Rf2 e5 17.Raf1 Qe7 18.h4 a6 19.Nd1 exf4 20.Qxf4 Nc6 21.Qc7 Qd8 22.Qd6 Qe7
23.Qxe7+ Nxe7 24.Ne3 Bc6 25.Bh3 b5 26.Nd5 Ng8 27.cxb5 axb5 28.Rc1 Bxd5 29.exd5 d6
30.b4 cxb4 31.Be6 f5 32.Rc6 Rfd8 33.Rb2 Nf6 34.Kf2 Ng4+ 35.Ke2 Ra3 36.Rcc2 Rda8
37.Rxb4 Rxa2 38.Rbb2 Rxb2 39.Rxb2  1/2-1/2

[Event "Noviki-A"]
[Site "Budapest"]
[Date "1990.??.??"]
[Round "5"]
[White "Csom, Istvan"]
[Black "Roeder, Mathias"]
[Result "0-1"]
[WhiteElo "2505"]
[BlackElo "2450"]

1.Nf3 Nf6 2.c4 b6 3.g3 c5 4.Bg2 Bb7 5.O-O g6 6.b3 Bg7 7.Bb2 O-O 8.Nc3 Na6
9.Rc1 d5 10.Nxd5 Nxd5 11.Bxg7 Kxg7 12.cxd5 Qxd5 13.d4 Rfd8 14.dxc5 Nxc5 15.Qc2 Qf5
16.b4 Ne6 17.Qc3+ Qf6 18.Qe3 Rac8 19.Ne5 Bxg2 20.Kxg2 Qf5 21.a3 a5 22.f3 Rc2
23.Rxc2 Qxc2 24.Rc1 Qd2 25.Kf2 axb4 26.axb4 Qxe3+ 27.Kxe3 Nd4 28.Rc7 Nf5+
29.Kf2 Rd2 30.Rb7 Ra2 31.Nc6 b5 32.Rxb5 e6 33.Rb7 h5 34.h3 Kf8 35.g4 hxg4
36.hxg4 Nd6 37.Rd7 Nc4 38.Rd4 Nb6 39.g5 Nd5 40.Rc4 Nb6 41.Rd4 Nd5 42.Rc4 Nb6
43.Rc5 Nd5 44.b5 Nf4 45.Nd4  0-1

[Event "Budapest Herbstlich"]
[Site "Budapest"]
[Date "1990.??.??"]
[Round "7"]
[White "Gschnitzer, Oswald"]
[Black "Zakic, Srdjan"]
[Result "1/2-1/2"]
[WhiteElo "2440"]
[BlackElo "2425"]

1.Nf3 c5 2.c4 b6 3.g3 Bb7 4.Bg2 Nf6 5.O-O g6 6.d4 cxd4 7.Qxd4 Bg7 8.Nc3 d6
9.Qh4 h6 10.Rd1 Nbd7 11.Be3 Rc8 12.Nd2 Bxg2 13.Kxg2 Qc7 14.Rac1 Qb7+ 15.Kg1 g5
16.Qh3 Ne5 17.Nd5 Nxd5 18.cxd5 O-O 19.f4 gxf4 20.gxf4 Qd7 21.f5 Qa4 22.Bxh6 Ng4
23.Bxg7 Kxg7 24.Nf1 Qf4 25.Qg3 Qxg3+ 26.hxg3 Kf6 27.e4 Ke5 28.Nd2 Rxc1 29.Rxc1 Kd4
30.Rc7 Kd3 31.Nf1 Kxe4 32.Rxe7+ Kxd5 33.Rxa7 f6 34.Ra4 Ne5 35.Ne3+ Kc6 36.Kg2 b5
37.Rd4 Ra8 38.a3 Re8 39.Nd5 Kc5 40.Rd1 Nd7 41.Kf3 Re5 42.Nf4 Kc6 43.g4 Rc5
44.Ne6 Ne5+ 45.Kg3 Rc4 46.Rd4 Rc1 47.Nf4 Rg1+ 48.Ng2 Rb1 49.Rb4 d5 50.a4 bxa4
51.Rxa4 Rxb2 52.Ra6+ Kc5  1/2-1/2

[Event "Elekes mem"]
[Site "Budapest"]
[Date "1990.??.??"]
[Round "9"]
[White "Landenbergue, Claude"]
[Black "Roeder, Mathias"]
[Result "1/2-1/2"]
[WhiteElo "2385"]
[BlackElo "2450"]

1.Nf3 Nf6 2.c4 c5 3.g3 b6 4.Bg2 Bb7 5.O-O g6 6.b3 Bg7 7.Bb2 O-O 8.Nc3 Na6
9.e3 d5 10.Nxd5 Nxd5 11.Bxg7 Kxg7 12.cxd5 Qxd5 13.d4 Rfd8 14.Rc1  1/2-1/2

[Event "Elekes mem"]
[Site "Budapest"]
[Date "1990.??.??"]
[Round "11"]
[White "Fauland, Alexander"]
[Black "Foldi, Istvan"]
[Result "0-1"]
[WhiteElo "2480"]
[BlackElo "2350"]

1.Nf3 Nf6 2.c4 c5 3.g3 b6 4.Bg2 Bb7 5.O-O g6 6.Nc3 Bg7 7.d3 O-O 8.e4 d6 9.Nh4 Nc6
10.f4 e6 11.g4 Nd7 12.Nf3 Nd4 13.Be3 f5 14.Bxd4 cxd4 15.Nb5 Nc5 16.gxf5 exf5
17.exf5 Rxf5 18.Nfxd4 Bxg2 19.Kxg2 Rh5 20.Qg4 a6 21.Nc6 Qf6 22.Nc3 Nxd3 23.Rad1 Nxb2
24.Nd5 Qf7 25.f5 Nxd1 26.Qxd1 gxf5 27.Qf3 Kh8 28.Qf4 Re8 29.Qxd6 Rh6  0-1

[Event "Cannes op"]
[Site "Cannes"]
[Date "1990.??.??"]
[Round "1"]
[White "Danailov, Silvio"]
[Black "Pivard, JL."]
[Result "1-0"]
[WhiteElo "2380"]
[BlackElo "2150"]

1.Nf3 Nf6 2.c4 c5 3.g3 b6 4.Bg2 Bb7 5.O-O g6 6.d4 cxd4 7.Qxd4 Bg7 8.Nc3 d6
9.Be3 Nbd7 10.Rac1 Nc5 11.Rfd1 Ne6 12.Qh4 Rc8 13.b3 h6 14.Nd5 h5 15.Ng5 Bxd5
16.cxd5 Nxg5 17.Qa4+ Nd7 18.Bxg5 O-O 19.Rxc8 Qxc8 20.Rc1 Qb7 21.Qc6 Qxc6
22.dxc6 Nc5 23.Bxe7 Re8 24.Bxd6  1-0